000 00855cab a2200289 4500
001 WB2915-11
008 090401t1993 xxu||||| |||| 00| 0 eng d
035 _a(Sirsi) u5815
041 _aeng
245 _aBRE testing facilities
260 _c1993
350 _a0
490 _aEstates Times
_v(1184) 8 April 1993, 4(1)
520 _aThe BRE has a new facility, which allows whole buildings to be tested for the effects of fire and explosions on the structure.
650 _aDESIGN
650 _aDEVELOPERS
650 _aFIRE
650 _aLOADING
650 _aOFFICE BUILDINGS
650 _aSAFETY
650 _aVIBRATION
690 _aBUILT ENVIRONMENT-CONSTRUCTION DESIGN
690 _aBUILT ENVIRONMENT-BUILDING STANDARDS-FIRE REGULATIONS
690 _aBUILT ENVIRONMENT-BUILDING STANDARDS
942 _n0
948 _c04/03/1997
999 _c3472
_d3472